Child and adolescent mental health / (Record no. 2438)
[ view plain ]
| 000 -LEADER | |
|---|---|
| fixed length control field | 01149cam a2200301 i 4500 |
| 001 - CONTROL NUMBER | |
| control field | 17472764 |
| 003 - CONTROL NUMBER IDENTIFIER | |
| control field | OSt |
| 005 - DATE AND TIME OF LATEST TRANSACTION | |
| control field | 20180117085941.0 |
| 008 - FIXED-LENGTH DATA ELEMENTS--GENERAL INFORMATION | |
| fixed length control field | 120924s2012 maua b 001 0 eng |
| 010 ## - LIBRARY OF CONGRESS CONTROL NUMBER | |
| LC control number | 2012038793 |
| 020 ## - INTERNATIONAL STANDARD BOOK NUMBER | |
| International Standard Book Number | 9788132109655 (hardback : alk. paper) |
| 040 ## - CATALOGING SOURCE | |
| Original cataloging agency | DLC |
| Language of cataloging | eng |
| Transcribing agency | DLC |
| Description conventions | rda |
| Modifying agency | DLC |
| 042 ## - AUTHENTICATION CODE | |
| Authentication code | pcc |
| 050 00 - LIBRARY OF CONGRESS CALL NUMBER | |
| Classification number | RJ499.3 |
| Item number | .C463 2012 |
| 082 00 - DEWEY DECIMAL CLASSIFICATION NUMBER | |
| Classification number | 618.9289 |
| Edition number | 23 |
| 245 00 - TITLE STATEMENT | |
| Title | Child and adolescent mental health / |
| Statement of responsibility, etc. | edited by Usha S. Nayar. |
| 300 ## - PHYSICAL DESCRIPTION | |
| Extent | xxiv, 363 pages : |
| Other physical details | illustrations ; |
| Dimensions | 25 cm |
| 504 ## - BIBLIOGRAPHY, ETC. NOTE | |
| Bibliography, etc. note | Includes bibliographical references and index. |
| 650 #0 - SUBJECT ADDED ENTRY--TOPICAL TERM | |
| Topical term or geographic name entry element | Child mental health. |
| 650 #0 - SUBJECT ADDED ENTRY--TOPICAL TERM | |
| Topical term or geographic name entry element | Teenagers |
| General subdivision | Mental health. |
| 650 #0 - SUBJECT ADDED ENTRY--TOPICAL TERM | |
| Topical term or geographic name entry element | Developmental psychology. |
| 650 #0 - SUBJECT ADDED ENTRY--TOPICAL TERM | |
| Topical term or geographic name entry element | Evidence-based psychotherapy. |
| 700 1# - ADDED ENTRY--PERSONAL NAME | |
| Personal name | Nayar, Usha S., |
| Relator term | editor of compilation. |
| 906 ## - LOCAL DATA ELEMENT F, LDF (RLIN) | |
| a | 7 |
| b | cbc |
| c | orignew |
| d | 1 |
| e | ecip |
| f | 20 |
| g | y-gencatlg |
| 942 ## - ADDED ENTRY ELEMENTS (KOHA) | |
| Source of classification or shelving scheme | |
| Koha item type | Book |
| Withdrawn status | Lost status | Source of classification or shelving scheme | Damaged status | Not for loan | Collection code | Permanent Location | Current Location | Shelving location | Date acquired | Total Checkouts | Full call number | Barcode | Date last seen | Price effective from | Koha item type |
|---|---|---|---|---|---|---|---|---|---|---|---|---|---|---|---|
| Central Library (CL) | Central Library (CL) | General Stacks | 06/29/2015 | 618.9289 CHI | S3H-S-161 | 03/05/2024 | 06/29/2015 | Book |
